Historia de las colonizaciones
Guardat en:
| Autor principal: | |
|---|---|
| Format: | Llibre |
| Idioma: | espanyol |
| Publicat: |
Barcelona
Aymá
1961
|
| Edició: | 1a. ed |
| Col·lecció: | Colección Sumer, 3
|
| Matèries: | |
| Etiquetes: |
Afegir etiqueta
Sense etiquetes, Sigues el primer a etiquetar aquest registre!
|
MARC
| LEADER | 00000nam a2200000 a 4500 | ||
|---|---|---|---|
| 001 | UCH5067 | ||
| 003 | CL-VaPUC | ||
| 008 | 090916e19610500SP |||||||||||||||||spa|d | ||
| 082 | 0 | 4 | |a 325.309 |b SED |2 21 |
| 100 | 0 | |a Sédillot, René |e author |9 541199 | |
| 245 | 1 | 0 | |a Historia de las colonizaciones |
| 250 | |a 1a. ed | ||
| 300 | |a 454 p | ||
| 942 | |c BK | ||
| 945 | |d 20090916 00:00:00 |a dcastane | ||
| 260 | |a Barcelona |b Aymá |c 1961 | ||
| 650 | 0 | |a Colonización |9 265172 | |
| 650 | 0 | |a Mundo antiguo |9 486553 | |
| 651 | 0 | |a Europa |9 255156 | |
| 651 | 0 | |a América |9 255182 | |
| 583 | |a last modification |c 20090916 00:00:00 |k Rodrigo Vera | ||
| 490 | 0 | |a Colección Sumer, 3 | |
| 999 | |c 336276 |d 336274 | ||
| 952 | |0 0 |1 0 |4 0 |6 325_309000000000000_SED_1961 |7 0 |8 X |9 427282 |a FDOBUD |b FDOBUD |d 2019-11-22 |i 4596374 |o 325.309 SED 1961 |p 4596374 |r 2019-11-22 |w 2019-11-22 |y BK_X |k BUD | ||